| 000 | 03430nam0a2200529 4500 | ||
|---|---|---|---|
| 001 | RU\NLR\BIBL_A\011915336 | ||
| 005 | 20190215165140.0 | ||
| 010 |
_a978-5-98862-441-7 _91000 |
||
| 021 |
_aRU _bКН-П-18-6951 _9КН-П-18-095877 |
||
| 035 | _a(NLR Aleph) 011915336 | ||
| 035 | _a(RuMoRGB)009842682 | ||
| 090 |
_a10959880 _c10959880 |
||
| 100 | _a20190122d2019 u y0rusy50 ca | ||
| 101 | 0 |
_arus _aeng _deng _erus _eeng |
|
| 102 | _aRU | ||
| 105 | _aacbhz|||000zy | ||
| 200 | 1 |
_aКнига рекордов мира. Гиревой триатлон. Горы. Костюшко (Австралия). Массив Винсон (Антарктида). Впервые в мире _dWorld records book. Kettlebell triathlon. Mountains. Kostyushko (Australia). Vinson Massif (Antarctica). First time in the world _fАнатолий Ежов _zeng |
|
| 210 |
_aМосква _cГрифон _d2019 [т.е. 2018] |
||
| 215 |
_a343 с. _cцв. ил., портр., факс. _d31 |
||
| 300 | _aЗагл. обл.: Книга рекордов мира. Гиревой триатлон. Горы | ||
| 300 | _aНа 6-й с. авт.: Ежов А.Н., акад. РАЕН, д.э.н., проф., спортив. судья междунар. и всерос. категорий, засл. мастер гиревого спорта и засл. тренер МФГВС | ||
| 300 | _aАвт. также на англ. яз.: Anatoly Ezhov | ||
| 300 | _aТекст парал. рус., англ. | ||
| 300 | _aКн. фактически изд. в 2018 г. | ||
| 333 | _a16+ | ||
| 510 | 1 |
_6z33790 _aWorld records book. Kettlebell triathlon. Mountains. Kostyushko (Australia). Vinson Massif (Antarctica). First time in the world _zeng |
|
| 512 | 1 | _aКнига рекордов мира. Гиревой триатлон. Горы | |
| 517 | 1 | _aГиревой триатлон. Горы. Костюшко (Австралия). Массив Винсон (Антарктида). Впервые в мире | |
| 517 | 1 | _aГоры. Костюшко (Австралия). Массив Винсон (Антарктида). Впервые в мире | |
| 517 | 1 | _aКостюшко (Австралия). Массив Винсон (Антарктида). Впервые в мире | |
| 517 | 1 | _aМассив Винсон (Антарктида). Впервые в мире | |
| 517 | 1 | _aВпервые в мире | |
| 600 | 1 |
_aЕжов _bА. Н. _gАнатолий Николаевич _f1946 _jВоспоминания, записки и т.п _2nlr_sh2 _3RU\NLR\AUTH\661500960 |
|
| 606 | 1 |
_aГиревой триатлон _2nlr_sh2 _3RU\NLR\AUTH\6601599753 |
|
| 607 |
_aВинсон, горный массив (Антарктида) _xВосхождения _2nlr_sh2 _3RU\NLR\AUTH\661595053 |
||
| 607 |
_aКосцюшко, гора (Австралийские Альпы) _xВосхождения _2nlr_sh2 _3RU\NLR\AUTH\6601649041 |
||
| 686 | 1 | _aЧ517.125 | |
| 686 | 1 | _aЧ517.125.3(2Р)7-8Ежов | |
| 686 | 1 | _aЧ518.215Винсон, горный массив | |
| 686 | 1 | _aЧ518.215Косцюшко | |
| 700 | 1 |
_aЕжов _bА. Н. _f1946- _gАнатолий Николаевич _3RU\NLR\AUTH\7718468 |
|
| 790 | 1 |
_6z33510 _aEžov _bA. N. _f1946- _gAnatolij Nikolaevič _3RU\NLR\AUTH\7718469 |
|
| 942 | _cBOOK | ||
| 980 | _aNBR | ||
| 980 | _aNB | ||